000 00990nam a2200301Ia 4500
003 OSt
005 20221005091318.0
006 a|||||r|||| 00| 0
007 ta
008 221004b |||||||| |||| 00| 0 eng d
020 _a033399608
_c4506.6
024 _a86380
037 _b11615, 29/03/2007, Govinda Book House
_cTextual
040 _aCRL
_cCRL
_beng
041 _2eng
_aeng
082 _aV5:91.P1, P2
100 _aBirch Sarah
_9616010
245 0 _aEmbodying democracy
_b Electoral system design in post-communist Europe
260 _aNew York
_bPalgrave Macmillan U. A. S.
_c2002
300 _a241p.
_ccm.
490 _aOne Europe or Several?
650 _aHISTORY
700 _a Millard Frances
_9616011
700 _a Popescu Marina
_9616012
700 _a Williams Kieran
_9616013
942 _hV5:91.P1, P2
_cTEXL
_2cc
999 _c997078
_d997078